000 00611nam a22001817a 4500
003 OSt
005 20251024022341.0
008 251021b |||||||| |||| 00| 0 eng d
020 _a0-07-304395-8.
040 _aDWCL-Main lib
_cOC
082 _aCirc. 909.82 T136 2005
245 _aTaking sides :
_bclashing views on controversial issues in world politics
260 _aDubuque, Iowa. :
_bMcGraw-Hill/Dushkin,
_cc2005.
300 _axxiii, 391 pages ;
_c23 cm.
504 _aIncludes bibliographical references and index.
650 _21. World politics-1089-
942 _2ddc
_cBK-CIRC
_eExpanded 11th ed.
_kCirc.
_n0
999 _c4975
_d4975